Ist __ Ein Land? #5 - Statistiken

Allgemein
  • Dieses Quiz wurde 568 mal gespielt
  • Das Durchschnittsergebnis liegt bei 15 aus 15
Antwortstatistiken
Frage Antwort % Korrekt
Ist Panama Ein Land? Ja
100%
Ist Norwegen Ein Land? Ja
100%
Is Madagaskar Ein Land? Ja
100%
Ist Aserbaidschan Ein Land? Ja
100%
Ist Pazifik See Ein Land? Nein
100%
Ist Amsterdam Ein Land? Nein
100%
Ist Österreichqshimperbrghiakimoc Ein Land? Nein
100%
Ist Mauritius Ein Land? Ja
97%
Ist Tadschikistan Ein Land? Ja
97%
Ist Tschad Ein Land? Ja
97%
Ist Äquator Ein Land? Nein
97%
Ist Kabine Ein Land? Nein
97%
Ist Ein Lissabon Land? Nein
97%
Ist Kraftfahrzeug-Haftpflichtversicherung Ein Land? Nein
97%
Ist kiribati Ein Land? Ja
92%
Keine übereinstimmenden Quizze gefunden
Verteilung der Resultate
Anzahl Personen mit jedem Resultat
Perzentil nach korrekt beantworteten Fragen
Ihre Resultats-Entwicklung
Sie haben dieses Quiz noch nicht gespielt